Представление документа в формате RUSMARC

ПолеНазваниеЗначение
  Тип записи i
  Библиографический уровень m
001 Контрольный номер RU/SLIB/B/224094243
005 Дата корректировки 20201206204452.2
010 Индекс ISBN __
d Цена 182-76
101 Язык документа __
a Язык текста rus
c Язык оригинала fre
200 Заглавие и сведения об ответственности 1_
a Заглавие Гаргантюа и Пантагрюэль
e Сведения, относящиеся к заглавию [аудиокнига : роман]
f Первые сведения об ответственности Ф. Рабле ; читает Илья Бобылев
b Общее обозначение материала Звукозапись
210 Выходные данные __
a Место издания М.
c Издательство Говорящая кн.
d Дата издания 2004
215 Физическое описание __
a Объем 2 электрон. опт. диска (Audio CD) (27 ч. 30 мин.)
225 Серия __
a Серия Алмазный фонд мировой литературы
225 Серия __
a Серия 3 в 1! : Звук, Текст, Визуал - слушай, смотри, читай!
300 Общие примечания __
a Общие примечания CD-плеер с поддержкой MP3 ; Pentium-233 ; Windows 9x-XP ; CD-ROM ; AudioCD ; звуковая карта
323 Примечание о главных создателях, исполнителях, участниках __
a Примечание о главных создателях, исполнителях, участниках Бобылев, И. (читает)
330 Аннотация __
a Аннотация Описываются деяния и невероятные приключения двух королей-великанов, Гаргантюа и Пантагрюэля, которых Рабле нарисовал как идеальных правителей, мудрых и миролюбивых, озабоченных благоденствием подданных.
333 Примечание о целевом назначении __
a Примечание о целевом назначении 16+. Для детей старше 16 лет
606 Тематические рубрики __
a Основная рубрика Художественная литература
606 Тематические рубрики __
a Основная рубрика Литература Европы (произведения)
z Хронологическая подрубрика 16 в.
y Географическая подрубрика Франция
610 Ключевые слова __
a Ключевые слова зарубежная литература; французская литература; романы; средневековая литература; тема приключений
686 Индексы других классификаций __
a Классификационный индекс ст84(4Фра)-4я0
700 Автор _1
a Фамилия Рабле
b Имя Ф.
g Полное личное имя Франсуа
4 Код отношения 070
801 Источник записи _0
a Страна RU
b Организация Муниципальное бюджетное учреждение культуры "Централизованная библиотечная система" г. Сургут (Центральная городская библиотека им. А. С. Пушкина)
g Правила каталогизации КиК/Поспелова
801 Источник записи _1
a Страна RU
b Организация Муниципальное бюджетное учреждение культуры "Централизованная библиотечная система" г. Сургут (Центральная городская библиотека им. А. С. Пушкина)
g Правила каталогизации КиК/Поспелова
852 Данные о местонахождении __
j Шифр хранения ст84(4Фра)-4я0
c Каталожный индекс ст84(4Фра)-4я04
i Авторский знак Р 12
901 Тип документа __
t Тип документа 0
903 Характеристики (МАРС) __
a Дата передачи 20090821; 20070212
990 Данные о заказе (DOS) __
j Количество экземпляров (DOS) 2
h N записи в КСУ для Б/У (DOS) 200908; 200702